Philosophy of law : an introduction (Record no. 9415)

MARC details
000 -LEADER
fixed length control field 00262nam a2200097 4500
082 ## - DEWEY DECIMAL CLASSIFICATION NUMBER
Classification number 340.1
Item number MOR
100 ## - MAIN ENTRY--PERSONAL NAME
Personal name Morawetz, Thomas
245 ## - TITLE STATEMENT
Title Philosophy of law : an introduction
Statement of responsibility, etc. Thomas Morawetz
260 ## - PUBLICATION, DISTRIBUTION, ETC.
Place of publication, distribution, etc. New York
Name of publisher, distributor, etc. Macmillan Pub.
Date of publication, distribution, etc. c1980
300 ## - PHYSICAL DESCRIPTION
Extent x,238p.; 20cm.
Holdings
Withdrawn status Lost status Damaged status Not for loan Collection code Home library Current library Date acquired Total Checkouts Full call number Barcode Date last seen Price effective from Koha item type
        RELIGION & PHILOSOPHY North Eastern Hill University North Eastern Hill University 24/11/2011   340.1 MOR 15543 24/11/2011 24/11/2011 Books